000 00572cam a22001932 4500
001 0000000751
005 20170406112841.0
008 131118s xx 000 0 eng d
020 _c$
040 _aYour Holding Symbol
_cYour Holding Symbol
100 1 _aMckenzie, John L.
245 1 4 _aThe power and the wisdom :
_ban interpretation of the New Testament.
250 _a ed.
260 _aNew York :
_bImage Books.
300 _a320 p. ;
_c cm.
591 _a2003
_bDonation
630 0 0 _aBible.
_pNew Testament
_xCommentaries.
908 _a131118
999 _c675
_d675